000 00539nam a2200193 a 4500
001 0227
005 20140414131936.0
008 040819s19uu xx 00 eng d
020 _a0-7534-0632-2
050 _aREF 629.132
_bG76 2001
100 _aGraham, Ian
245 _aThe best-ever book of flight /
_cIan Graham.
260 _aLondon :
_bKingfisher Publications,
_c2001.
300 _a64 p. : ill. ; cm.
500 _aIncludes glossary and index.
650 _aPrinciples of aerial flight.
999 _c112437
_d112437